[Event "Erfurt op Seniors 29th"]
[Site "Erfurt"]
[Date "2019.12.30"]
[Round "5"]
[White "Svanholm, Borge Waaktaar"]
[Black "Huettemann, Karl Heinz"]
[Result "1/2-1/2"]
[WhiteElo "1727"]
[BlackElo "2043"]
[PlyCount "46"]
[EventDate "2019.12.26"]
[EventType "swiss"]
[EventRounds "5"]
[EventCountry "GER"]
[SourceTitle "CBM 194 Extra"]
[Source "ChessBase"]
[SourceDate "2020.03.31"]
[SourceVersion "1"]
[SourceVersionDate "2020.03.31"]
[SourceQuality "1"]

1. c4 e6 2. d4 d5 3. Nf3 Nf6 4. Bg5 Nbd7 5. e3 Bb4+ 6. Nc3 c5 7. a3 Bxc3+ 8. bxc3 Qa5 9. Bxf6 Qxc3+ 10. Nd2 Nxf6 11. dxc5 Ne4 12. Ra2 Qa5 13. Qb3 Nxc5 14. Qc2 0-0 15. cxd5 Rd8 16. Be2 exd5 17. 0-0 Be6 18. Raa1 Rac8 19. Qb2 Qc7 20. Nf3 Na4 21. Qb4 Nb6 22. Nd4 Nc4 23. Rfc1 a6 1/2-1/2

[Event "Oslo op"]
[Site "Oslo"]
[Date "2018.09.30"]
[Round "1"]
[White "Svanholm, Borge Waaktaar"]
[Black "Sriram, Jha"]
[Result "1/2-1/2"]
[WhiteElo "1869"]
[BlackElo "2402"]
[PlyCount "122"]
[EventDate "2018.09.30"]
[EventType "swiss"]
[EventRounds "10"]
[EventCountry "NOR"]
[SourceTitle "EXT 2020"]
[Source "ChessBase"]
[SourceDate "2019.10.17"]
[SourceVersion "1"]
[SourceVersionDate "2019.10.17"]
[SourceQuality "1"]

1. c4 c5 2. Nf3 Nc6 3. d4 cxd4 4. Nxd4 Nf6 5. Nc3 e6 6. a3 Bc5 7. Nb3 Be7 8. e4 0-0 9. Be2 b6 10. 0-0 Bb7 11. Be3 Rc8 12. f4 d6 13. Rc1 Nb8 14. Bd3 Nbd7 15. Qe2 Qc7 16. Rfd1 Qb8 17. g4 Qa8 18. Bf2 g6 19. g5 Nh5 20. Qe3 e5 21. f5 f6 22. fxg6 hxg6 23. gxf6 Ndxf6 24. Nd5 Bxd5 25. exd5 Ng4 26. Qe4 Nf4 27. Bg3 Nf6 28. Qe3 N6h5 29. Rf1 Qb7 30. Bxf4 Nxf4 31. Qe4 Bg5 32. Rc2 Qg7 33. Kh1 Rf6 34. Rcf2 Rcf8 35. Nc1 Kh7 36. Bc2 Nh3 37. Rxf6 Rxf6 38. Qg2 Rxf1+ 39. Qxf1 Qd7 40. Ne2 Nf4 41. Nxf4 exf4 42. Qf3 Kg7 43. Qe4 Qf7 44. Kg2 Qf6 45. Kf3 Kf7 46. Bd3 Bh6 47. h4 Bg7 48. b3 Bh6 49. a4 a5 50. Kg4 Kg7 51. Kf3 Kf7 52. Kg4 g5 53. h5 Bg7 54. Be2 Kf8 55. Qf5 Kg8 56. Qxg5 Qb2 57. Bf3 Qh2 58. Kf5 Kh8 59. Bg4 Qb2 60. Ke6 Qxb3 61. h6 Bd4 1/2-1/2

[Event "EU-ch Seniors 65 18th"]
[Site "Drammen"]
[Date "2018.08.10"]
[Round "7"]
[White "Hauge, Tor Arne"]
[Black "Svanholm, Borge Waaktaar"]
[Result "1-0"]
[WhiteElo "2037"]
[BlackElo "1862"]
[PlyCount "95"]
[EventDate "2018.08.04"]
[EventType "swiss"]
[EventRounds "9"]
[EventCountry "NOR"]
[SourceTitle "CBM 186 Extra"]
[Source "ChessBase"]
[SourceDate "2018.08.24"]
[SourceVersion "1"]
[SourceVersionDate "2018.08.24"]
[SourceQuality "1"]

1. e4 e6 2. b3 d5 3. Bb2 Nf6 4. exd5 Nxd5 5. g3 Nf6 6. Bg2 Be7 7. Nf3 0-0 8. 0-0 c5 9. d4 Qc7 10. c4 Rd8 11. Qe2 cxd4 12. Nxd4 a6 13. Nd2 Re8 14. Ne4 Nbd7 15. Nf3 Nxe4 16. Qxe4 Nf6 17. Qe2 Bd7 18. Ne5 Rad8 19. Rad1 Bc8 20. Rxd8 Rxd8 21. Rd1 Rxd1+ 22. Qxd1 Nd7 23. Nxd7 Bxd7 24. h4 Bc6 25. Qg4 Bf8 26. h5 h6 27. Bc1 Kh8 28. Qd4 Bxg2 29. Kxg2 Kg8 30. Qe4 Be7 31. Bf4 Qd7 32. Be5 f6 33. Bc3 e5 34. g4 Qc6 35. Kf3 Kf7 36. Qxc6 bxc6 37. b4 Ke6 38. Ke4 Bd6 39. a4 Be7 40. Bd2 Bd6 41. b5 cxb5 42. cxb5 axb5 43. axb5 Bb8 44. Be3 Kd6 45. b6 Ke6 46. Bc5 Kd7 47. Kd5 Ke8 48. Bd6 1-0

[Event "Konnerud GP"]
[Site "Konnerud"]
[Date "2017.11.19"]
[Round "5"]
[White "Svanholm, Borge Waaktaar"]
[Black "Sidali, Elias Hulleberg"]
[Result "1/2-1/2"]
[WhiteElo "1799"]
[BlackElo "1754"]
[PlyCount "52"]
[EventDate "2017.11.18"]
[EventType "swiss"]
[EventRounds "5"]
[EventCountry "NOR"]
[SourceTitle "EXT 2024"]
[Source "ChessBase"]
[SourceDate "2023.10.10"]
[SourceVersion "1"]
[SourceVersionDate "2023.10.10"]
[SourceQuality "1"]

1. c4 Nf6 2. Nc3 g6 3. d4 d5 4. Nf3 e6 5. e3 Bd6 6. b3 0-0 7. Bd3 Nbd7 8. 0-0 Re8 9. Bb2 b6 10. Rc1 Bb7 11. Qd2 Qb8 12. h3 a6 13. Rfd1 dxc4 14. bxc4 c5 15. Be2 Rd8 16. Qc2 cxd4 17. exd4 e5 18. dxe5 Nxe5 19. Nxe5 Bxe5 20. Qb3 Bc6 21. Rxd8+ Qxd8 22. Rd1 Qe8 23. Bf1 Rb8 24. Qc2 Nd7 25. Rd2 Qf8 26. Nd5 Bxb2 1/2-1/2

[Event "Konnerud GP"]
[Site "Konnerud"]
[Date "2017.11.18"]
[Round "3"]
[White "Svanholm, Borge Waaktaar"]
[Black "Abdrlauf, Elham"]
[Result "0-1"]
[WhiteElo "1799"]
[BlackElo "2061"]
[PlyCount "62"]
[EventDate "2017.11.18"]
[EventType "swiss"]
[EventRounds "5"]
[EventCountry "NOR"]
[SourceTitle "EXT 2024"]
[Source "ChessBase"]
[SourceDate "2023.10.10"]
[SourceVersion "1"]
[SourceVersionDate "2023.10.10"]
[SourceQuality "1"]

1. c4 e5 2. Nc3 Nf6 3. Nf3 Nc6 4. d4 exd4 5. Nxd4 Nxd4 6. Qxd4 Be7 7. g3 0-0 8. Bg2 c6 9. 0-0 b6 10. Rd1 h6 11. e4 Bc5 12. Qd3 Ng4 13. Rf1 Ba6 14. Qe2 Ne5 15. b3 Bd4 16. Bb2 Qf6 17. Rac1 Ng6 18. Rfd1 Rfe8 19. Qd2 Bc5 20. Na4 Qe7 21. Qxd7 Qxd7 22. Rxd7 Bf8 23. Rcd1 b5 24. cxb5 cxb5 25. Nc3 Ne5 26. R7d5 Rab8 27. h3 g5 28. f4 Nc6 29. e5 Nb4 30. Rd7 Nc2 31. Rxa7 Bc5+ 0-1

[Event "Oslo op"]
[Site "Fornebu"]
[Date "2017.10.04"]
[Round "7"]
[White "Svanholm, Borge Waaktaar"]
[Black "Dolzhikova, Kateryna"]
[Result "0-1"]
[WhiteElo "1806"]
[BlackElo "2270"]
[PlyCount "53"]
[EventDate "2017.09.29"]
[EventType "swiss"]
[EventRounds "10"]
[EventCountry "NOR"]
[SourceTitle "CBM 181 Extra"]
[Source "ChessBase"]
[SourceDate "2017.12.12"]
[SourceVersion "1"]
[SourceVersionDate "2017.12.12"]
[SourceQuality "1"]

1. c4 e5 2. Nc3 Bb4 3. g3 Bxc3 4. bxc3 Nf6 5. Bg2 0-0 6. Nf3 e4 7. Nd4 c5 8. Nc2 d5 9. cxd5 Qxd5 10. 0-0 Qh5 11. d3 Rd8 12. Re1 Bh3 13. Rb1 Nbd7 14. f4 Ng4 15. Ne3 Nxe3 16. Bxe3 Nf6 17. Qd2 Ng4 18. Bxe4 Nxh2 19. Rxb7 Bc8 20. Rb5 Ng4 21. Bg2 Qh2+ 22. Kf1 Qxg3 23. Bg1 Ba6 24. Rxc5 Rxd3 25. exd3 Bxd3+ 26. Re2 Re8 27. Be3 0-1

[Event "Oslo op"]
[Site "Fornebu"]
[Date "2017.10.01"]
[Round "4"]
[White "Lillevold, Frode"]
[Black "Svanholm, Borge Waaktaar"]
[Result "1-0"]
[WhiteElo "2128"]
[BlackElo "1806"]
[PlyCount "55"]
[EventDate "2017.09.29"]
[EventType "swiss"]
[EventRounds "10"]
[EventCountry "NOR"]
[SourceTitle "CBM 181 Extra"]
[Source "ChessBase"]
[SourceDate "2017.12.12"]
[SourceVersion "1"]
[SourceVersionDate "2017.12.12"]
[SourceQuality "1"]

1. d4 Nf6 2. c4 g6 3. Nc3 Bg7 4. e4 d6 5. f3 0-0 6. Be3 c5 7. d5 e6 8. Nge2 exd5 9. cxd5 a6 10. a4 Nbd7 11. Ng3 Re8 12. Be2 h5 13. 0-0 Ne5 14. Nh1 Rb8 15. Nf2 Kh7 16. Qd2 Qc7 17. h3 Ng8 18. f4 Nd7 19. e5 dxe5 20. Nfe4 Nh6 21. fxe5 Nf5 22. d6 Qa5 23. Ng5+ Kg8 24. Rxf5 gxf5 25. Nxf7 Bxe5 26. Bc4 Kg7 27. Rf1 Bd4 28. Bxd4+ 1-0

[Event "Helsingor Xtracon op"]
[Site "Helsingor"]
[Date "2017.07.30"]
[Round "10"]
[White "Henningsen, Lasse"]
[Black "Svanholm, Borge Waaktaar"]
[Result "0-1"]
[WhiteElo "1988"]
[BlackElo "1761"]
[PlyCount "72"]
[EventDate "2017.07.22"]
[EventType "swiss"]
[EventRounds "10"]
[EventCountry "DEN"]
[SourceTitle "CBM 179 Extra"]
[Source "ChessBase"]
[SourceDate "2017.08.23"]
[SourceVersion "1"]
[SourceVersionDate "2017.08.23"]
[SourceQuality "1"]

1. e4 e6 2. d4 d5 3. Nc3 Nf6 4. Bg5 Be7 5. e5 Nfd7 6. Bxe7 Qxe7 7. f4 a6 8. Nf3 c5 9. dxc5 Nxc5 10. Qd2 Nc6 11. Bd3 0-0 12. 0-0-0 b5 13. Ne2 b4 14. Kb1 a5 15. Ned4 Nxd4 16. Nxd4 Ba6 17. Qe3 Bxd3 18. cxd3 Rfc8 19. Rc1 Qb7 20. f5 Rc7 21. f6 gxf6 22. exf6 Kh8 23. Rhf1 Rg8 24. Rf3 Qc8 25. Nb5 d4 26. Qe5 Rc6 27. Nd6 Qc7 28. Rh3 Rg6 29. Qh5 h6 30. Rg3 Kh7 31. Nb5 Nxd3 32. Rxc6 Qxc6 33. Rxd3 Rxf6 34. Nxd4 Rf1+ 35. Rd1 Qe4+ 36. Ka1 Qd3 0-1

[Event "Helsingor Xtracon op"]
[Site "Helsingor"]
[Date "2017.07.22"]
[Round "1"]
[White "Svanholm, Borge Waaktaar"]
[Black "Seo, Jung Min"]
[Result "0-1"]
[WhiteElo "1761"]
[BlackElo "2270"]
[PlyCount "96"]
[EventDate "2017.07.22"]
[EventType "swiss"]
[EventRounds "10"]
[EventCountry "DEN"]
[SourceTitle "CBM 179 Extra"]
[Source "ChessBase"]
[SourceDate "2017.08.23"]
[SourceVersion "1"]
[SourceVersionDate "2017.08.23"]
[SourceQuality "1"]

1. c4 c5 2. Nf3 Nf6 3. d4 cxd4 4. Nxd4 d6 5. Nc3 e6 6. e4 Be7 7. Be2 a6 8. 0-0 Nbd7 9. Be3 0-0 10. Qd2 Ne5 11. f3 Bd7 12. Rac1 Rc8 13. b3 Qc7 14. Rfd1 Qb8 15. Bf1 Rfd8 16. a4 Re8 17. h3 Bd8 18. Nde2 Bc7 19. Nf4 Bc6 20. Nd3 Nh5 21. Kf2 f5 22. exf5 exf5 23. Nb4 f4 24. Bd4 Ba5 25. Nca2 Bd8 26. Nxc6 bxc6 27. b4 Bf6 28. Kg1 Rcd8 29. Bf2 Qb7 30. b5 axb5 31. cxb5 d5 32. bxc6 Nxc6 33. Bb5 Re6 34. Qc3 Ne5 35. Kf1 Ng3+ 36. Bxg3 fxg3 37. Qc7 Qa8 38. Re1 Re7 39. Qc5 d4 40. f4 Ng6 41. Rxe7 Bxe7 42. Qf5 Kh8 43. Qg4 Nxf4 44. Qxg3 Qd5 45. Bc4 Qf5 46. Qf2 Rf8 47. Bb5 Qd5 48. Rc2 Ng6 0-1

[Event "Oslo Sveins op 10th"]
[Site "Oslo"]
[Date "2017.06.24"]
[Round "3"]
[White "Svanholm, Borge Waaktaar"]
[Black "Bergre, Joachim"]
[Result "1/2-1/2"]
[WhiteElo "1756"]
[BlackElo "2053"]
[PlyCount "51"]
[EventDate "2017.06.23"]
[EventType "swiss"]
[EventRounds "9"]
[EventCountry "NOR"]
[SourceTitle "CBM 179 Extra"]
[Source "ChessBase"]
[SourceDate "2017.08.23"]
[SourceVersion "1"]
[SourceVersionDate "2017.08.23"]
[SourceQuality "1"]

1. c4 c5 2. Nf3 g6 3. d4 cxd4 4. Nxd4 Bg7 5. e4 Nc6 6. Be3 Nf6 7. Nc3 d6 8. Be2 0-0 9. 0-0 Bd7 10. f3 Nxd4 11. Bxd4 Bc6 12. Qd2 Ne8 13. Be3 Nc7 14. Rfd1 Ne6 15. Rac1 Kh8 16. Bf1 Re8 17. b4 b6 18. Qf2 Qb8 19. Rd2 Bb7 20. Nd5 Bc6 21. Bd3 Qb7 22. Rdc2 Ba4 23. Rd2 Bc6 24. Rdc2 Ba4 25. Rd2 Bc6 26. Rdc2 1/2-1/2

[Event "Oslo Stjernens op"]
[Site "Oslo"]
[Date "2017.06.17"]
[Round "5"]
[White "Erikstad, Olav Age"]
[Black "Svanholm, Borge Waaktaar"]
[Result "1/2-1/2"]
[WhiteElo "1784"]
[BlackElo "1756"]
[PlyCount "74"]
[EventDate "2017.06.16"]
[EventType "swiss"]
[EventRounds "6"]
[EventCountry "NOR"]
[SourceTitle "EXT 2018"]
[Source "ChessBase"]
[SourceDate "2017.10.13"]
[SourceVersion "1"]
[SourceVersionDate "2017.10.13"]
[SourceQuality "1"]

1. d4 Nf6 2. c4 g6 3. Nf3 Bg7 4. Nc3 0-0 5. g3 d6 6. Bg2 Nc6 7. 0-0 a6 8. e4 Bg4 9. h3 Bxf3 10. Bxf3 e5 11. d5 Nd4 12. Bg2 Nd7 13. Be3 c5 14. dxc6 bxc6 15. Ne2 c5 16. Nc3 Rb8 17. b3 Qa5 18. Nd5 Kh8 19. f4 f5 20. exf5 gxf5 21. fxe5 Bxe5 22. Bf4 Rbe8 23. Bxe5+ dxe5 24. a3 Qd8 25. b4 Qg5 26. Qd3 Re6 27. h4 Qg4 28. Kh2 f4 29. Rae1 Rg8 30. Nxf4 exf4 31. Rxf4 Qg6 32. Be4 Qe8 33. Ref1 Ne5 34. Qb1 Ng4+ 35. Kh1 Ne3 36. R1f2 Ng4 37. Rf1 Ne3 1/2-1/2

[Event "Oslo Sveins op 9th"]
[Site "Oslo"]
[Date "2016.06.24"]
[Round "9"]
[White "Toby, Albert"]
[Black "Svanholm, Borge Waaktaar"]
[Result "1/2-1/2"]
[WhiteElo "2016"]
[BlackElo "1845"]
[PlyCount "27"]
[EventDate "2016.06.24"]
[EventType "swiss"]
[EventRounds "9"]
[EventCountry "NOR"]
[SourceTitle "CBM 173 Extra"]
[Source "ChessBase"]
[SourceDate "2016.08.29"]
[SourceVersion "1"]
[SourceVersionDate "2016.08.29"]
[SourceQuality "1"]

1. d4 Nf6 2. Bg5 e6 3. e4 h6 4. Bxf6 Qxf6 5. Nf3 d6 6. Nc3 g6 7. Bd3 Bg7 8. 0-0 0-0 9. e5 Qe7 10. Ne4 Nc6 11. exd6 cxd6 12. c3 a6 13. Re1 Qd8 14. Ng3 1/2-1/2

[Event "Nordstrand GP"]
[Site "Oslo"]
[Date "2016.04.17"]
[Round "4"]
[White "Svanholm, Borge Waaktaar"]
[Black "Snellingen, Jorn"]
[Result "0-1"]
[WhiteElo "1826"]
[BlackElo "2047"]
[PlyCount "142"]
[EventDate "2016.04.15"]
[EventType "swiss"]
[EventRounds "5"]
[EventCountry "NOR"]
[SourceTitle "EXT 2018"]
[Source "ChessBase"]
[SourceDate "2017.10.13"]
[SourceVersion "1"]
[SourceVersionDate "2017.10.13"]
[SourceQuality "1"]

1. c4 d5 2. cxd5 Qxd5 3. Nc3 Qa5 4. Nf3 e5 5. g3 Nc6 6. Bg2 Nf6 7. 0-0 Bf5 8. d3 0-0-0 9. Bd2 Nd4 10. a3 c6 11. b4 Qc7 12. Rb1 h5 13. h4 Nxf3+ 14. Bxf3 Bg4 15. Bg2 Qd7 16. Qa4 Kb8 17. Be3 a6 18. Qc2 Nd5 19. Bd2 Bh3 20. Rfc1 Bxg2 21. Kxg2 Nxc3 22. Bxc3 Qd5+ 23. Kg1 f6 24. Qb3 Qd7 25. Qc4 Qd5 26. Rd1 b5 27. Qxd5 Rxd5 28. Rdc1 Kb7 29. Rc2 Be7 30. Rbc1 Rc8 31. Bb2 g6 32. Kg2 Rd7 33. Kf3 Rd5 34. Rc3 Rc7 35. R3c2 Rdd7 36. Ke4 Bd6 37. Kf3 f5 38. Rc3 Re7 39. Kg2 Kb6 40. R3c2 c5 41. bxc5+ Rxc5 42. Rxc5 Bxc5 43. Kf3 e4+ 44. dxe4 Rxe4 45. e3 a5 46. Rd1 b4 47. axb4 axb4 48. Ke2 Kb5 49. Kd3 Re6 50. Rc1 Rd6+ 51. Ke2 Rd5 52. f3 Bd6 53. f4 Rc5 54. Rxc5+ Bxc5 55. Kd3 Ka4 56. e4 fxe4+ 57. Kxe4 Bf2 58. Kf3 Be1 59. g4 Bc3 60. Bc1 Kb3 61. gxh5 gxh5 62. Be3 Kc2 63. Bc5 b3 64. Ba3 Bb2 65. Bd6 Bc1 66. Be5 Bd2 67. f5 Bc3 68. Bxc3 Kxc3 69. f6 b2 70. f7 b1Q 71. f8Q Qf1+ 0-1

[Event "Nordstrand GP"]
[Site "Oslo"]
[Date "2016.04.15"]
[Round "1"]
[White "Rukovci, Shemsi"]
[Black "Svanholm, Borge Waaktaar"]
[Result "1-0"]
[WhiteElo "2011"]
[BlackElo "1826"]
[PlyCount "75"]
[EventDate "2016.04.15"]
[EventType "swiss"]
[EventRounds "5"]
[EventCountry "NOR"]
[SourceTitle "EXT 2018"]
[Source "ChessBase"]
[SourceDate "2017.10.13"]
[SourceVersion "1"]
[SourceVersionDate "2017.10.13"]
[SourceQuality "1"]

1. e4 e6 2. d4 d5 3. e5 c5 4. c3 Nc6 5. Nf3 Bd7 6. Bd3 Nge7 7. 0-0 Ng6 8. Be3 cxd4 9. cxd4 Qb6 10. Nc3 Nb4 11. Be2 Be7 12. g3 0-0 13. h4 f6 14. a3 Nc6 15. h5 Nh8 16. g4 Nf7 17. Bd3 Ng5 18. Nxg5 fxg5 19. b4 Qd8 20. Qb3 Be8 21. Ne2 Rc8 22. Kg2 Kh8 23. f4 gxf4 24. Nxf4 Bf7 25. Rh1 Bg5 26. Raf1 Bxf4 27. Rxf4 Bg8 28. Rxf8 Qxf8 29. h6 g6 30. Rf1 Bf7 31. b5 Ne7 32. b6 a6 33. Qb2 Qe8 34. Bg5 Kg8 35. Qf2 Nc6 36. Qf6 Qf8 37. Bxg6 hxg6 38. h7+ 1-0

[Event "Nordstrand GP"]
[Site "Oslo"]
[Date "2016.04.15"]
[Round "3"]
[White "Svanholm, Borge Waaktaar"]
[Black "Nordquelle, Daniel"]
[Result "1-0"]
[WhiteElo "1826"]
[BlackElo "1997"]
[PlyCount "137"]
[EventDate "2016.04.15"]
[EventType "swiss"]
[EventRounds "5"]
[EventCountry "NOR"]
[SourceTitle "EXT 2018"]
[Source "ChessBase"]
[SourceDate "2017.10.13"]
[SourceVersion "1"]
[SourceVersionDate "2017.10.13"]
[SourceQuality "1"]

1. c4 Nf6 2. Nc3 c5 3. Nf3 d5 4. cxd5 Nxd5 5. g3 g6 6. Bg2 Bg7 7. 0-0 0-0 8. d4 Nxc3 9. bxc3 Nc6 10. e3 Be6 11. Re1 Rc8 12. Ba3 b6 13. Qe2 Qc7 14. Ng5 Bd7 15. Red1 Na5 16. Rac1 Ba4 17. Re1 Rfd8 18. e4 e5 19. d5 Bh6 20. h4 Nb7 21. Rb1 Nd6 22. Bc1 Bg7 23. c4 b5 24. cxb5 c4 25. Be3 Nxb5 26. Rec1 Nd4 27. Qd2 c3 28. Qd3 c2 29. Rb4 Qa5 30. Bd2 Bb5 31. Rxd4 Qa6 32. Qf3 exd4 33. Qxf7+ Kh8 34. Bh3 Rb8 35. Rxc2 Rf8 36. Qe7 Rbe8 37. Qb4 d3 38. Rc7 Qb6 39. Rf7 h6 40. Rxf8+ Rxf8 41. Be3 d2 42. Qxd2 Qd6 43. Ne6 Rf7 44. Bxh6 Be5 45. f4 Ba1 46. Qc1 Qb6+ 47. Qc5 Qxc5+ 48. Nxc5 Bd4+ 49. Kg2 Bxc5 50. e5 Kh7 51. Bg5 Be7 52. Be6 Rg7 53. Bf6 Bxf6 54. exf6 Rc7 55. Kf3 Be8 56. Kg4 Bf7 57. f5 gxf5+ 58. Kxf5 Kg8 59. g4 Rc2 60. h5 Rf2+ 61. Ke5 Rxa2 62. g5 Bxe6 63. dxe6 Kf8 64. Kf5 Rf2+ 65. Kg6 a6 66. h6 a5 67. h7 Rh2 68. e7+ Ke8 69. Kg7 1-0

[Event "NOR-ch Seniors-A"]
[Site "Oslo"]
[Date "2015.07.11"]
[Round "9"]
[White "Semakoff, Aleks"]
[Black "Svanholm, Borge Waaktaar"]
[Result "1/2-1/2"]
[WhiteElo "2028"]
[BlackElo "1735"]
[PlyCount "51"]
[EventDate "2015.07.04"]
[EventType "swiss"]
[EventRounds "9"]
[EventCountry "NOR"]
[SourceTitle "EXT 2017"]
[Source "ChessBase"]
[SourceDate "2016.10.25"]
[SourceVersion "1"]
[SourceVersionDate "2016.10.25"]
[SourceQuality "1"]

1. e4 e6 2. d4 d5 3. exd5 exd5 4. c4 Nf6 5. Nc3 Be7 6. Nf3 0-0 7. Bd3 dxc4 8. Bxc4 Bg4 9. Be3 Nbd7 10. h3 Bh5 11. 0-0 Nb6 12. Bb3 c6 13. g4 Bg6 14. Ne5 Nfd5 15. Qf3 Bf6 16. Rad1 Rc8 17. Bc1 Re8 18. Nxg6 hxg6 19. Ne4 Be7 20. a3 Rc7 21. Rfe1 Bf8 22. Re2 Rce7 23. h4 Qd7 24. Rde1 Nf6 25. Ng5 Nbd5 26. h5 1/2-1/2

[Event "NOR-ch Seniors-A"]
[Site "Oslo"]
[Date "2015.07.09"]
[Round "7"]
[White "Svanholm, Borge Waaktaar"]
[Black "Omtvedt, Per"]
[Result "1/2-1/2"]
[WhiteElo "1735"]
[BlackElo "1847"]
[PlyCount "37"]
[EventDate "2015.07.04"]
[EventType "swiss"]
[EventRounds "9"]
[EventCountry "NOR"]
[SourceTitle "EXT 2017"]
[Source "ChessBase"]
[SourceDate "2016.10.25"]
[SourceVersion "1"]
[SourceVersionDate "2016.10.25"]
[SourceQuality "1"]

1. c4 Nf6 2. Nc3 c5 3. Nf3 g6 4. d4 cxd4 5. Nxd4 Bg7 6. e4 d6 7. Be2 Nc6 8. Be3 0-0 9. f3 Bd7 10. 0-0 Nxd4 11. Bxd4 a6 12. Rc1 Bc6 13. Qd2 Nd7 14. Rfd1 Bxd4+ 15. Qxd4 Qb6 16. Qxb6 Nxb6 17. b3 Rac8 18. Bf1 Kg7 19. Re1 1/2-1/2

[Event "NOR-ch Seniors-A"]
[Site "Oslo"]
[Date "2015.07.04"]
[Round "1"]
[White "Svanholm, Borge Waaktaar"]
[Black "Ferkingstad, Per M"]
[Result "1-0"]
[WhiteElo "1735"]
[BlackElo "1361"]
[PlyCount "159"]
[EventDate "2015.07.04"]
[EventType "swiss"]
[EventRounds "9"]
[EventCountry "NOR"]
[SourceTitle "EXT 2017"]
[Source "ChessBase"]
[SourceDate "2016.10.25"]
[SourceVersion "1"]
[SourceVersionDate "2016.10.25"]
[SourceQuality "1"]

1. c4 e5 2. g3 f5 3. Bg2 Nf6 4. Nf3 d6 5. 0-0 g6 6. Nc3 c6 7. d3 Bg7 8. Rb1 0-0 9. b4 Nbd7 10. a4 Rb8 11. b5 c5 12. Bd2 b6 13. Qc1 Bb7 14. Bh6 Re8 15. Bxg7 Kxg7 16. Rd1 Qe7 17. e3 d5 18. cxd5 Nxd5 19. Nxd5 Bxd5 20. Qb2 Qf6 21. Rd2 Bb7 22. Ne1 Bxg2 23. Nxg2 Nf8 24. d4 exd4 25. exd4 cxd4 26. Qxd4 Rbd8 27. Qxf6+ Kxf6 28. Rxd8 Rxd8 29. Ne3 Rd4 30. Ra1 Ne6 31. a5 Nc5 32. axb6 axb6 33. Rc1 Rd6 34. Nc4 Re6 35. Nxb6 Rxb6 36. Rxc5 Ke6 37. f4 Rd6 38. h4 Rd2 39. Rc7 Rb2 40. Rxh7 Rxb5 41. Rh6 Kf7 42. h5 gxh5 43. Rxh5 Kf6 44. Kg2 Kg6 45. Rh8 Rb2+ 46. Kh3 Rb1 47. Ra8 Rh1+ 48. Kg2 Rb1 49. Rg8+ Kf7 50. Rg5 Kf6 51. Kf2 Rb3 52. Rh5 Kg6 53. Rh8 Kg7 54. Re8 Kf6 55. Ra8 Rb2+ 56. Ke3 Rb3+ 57. Kd4 Rxg3 58. Ra6+ Kf7 59. Ke5 Rb3 60. Kxf5 Rb5+ 61. Kg4 Rb4 62. Kg5 Rb1 63. Ra7+ Kg8 64. f5 Rg1+ 65. Kf6 Rb1 66. Ra8+ Kh7 67. Re8 Rb2 68. Kf7 Rg2 69. Re1 Rg7+ 70. Kf6 Rg3 71. Re8 Rc3 72. Kf7 Rb3 73. f6 Rb6 74. Re1 Rb7+ 75. Re7 Rb6 76. Ra7 Rb3 77. Re7 Kh8 78. Kf8 Rf3 79. f7 Rxf7+ 80. Kxf7 1-0

[Event "Nordstrand CC-ch"]
[Site "Oslo"]
[Date "2015.05.07"]
[Round "11"]
[White "Svanholm, Borge Waaktaar"]
[Black "Moseng, Geir"]
[Result "0-1"]
[WhiteElo "1779"]
[BlackElo "2014"]
[PlyCount "134"]
[EventDate "2014.12.01"]
[EventType "tourn"]
[EventRounds "11"]
[EventCountry "NOR"]
[SourceTitle "EXT 2018"]
[Source "ChessBase"]
[SourceDate "2017.10.13"]
[SourceVersion "1"]
[SourceVersionDate "2017.10.13"]
[SourceQuality "1"]

1. c4 f5 2. d4 Nf6 3. Nf3 g6 4. g3 Bg7 5. Bg2 0-0 6. 0-0 d6 7. Nc3 e6 8. b3 Nc6 9. Bb2 Ne4 10. e3 Nxc3 11. Bxc3 Qe7 12. Qc2 e5 13. dxe5 dxe5 14. Qb2 Bd7 15. Rad1 Rad8 16. Rd2 g5 17. Rfd1 g4 18. Ne1 h5 19. b4 Nb8 20. b5 Rfe8 21. Nc2 c6 22. a4 h4 23. Nb4 h3 24. Bf1 e4 25. Bxg7 Qxg7 26. Qxg7+ Kxg7 27. bxc6 bxc6 28. Nxc6 Nxc6 29. Rxd7+ Rxd7 30. Rxd7+ Kf6 31. c5 Ne5 32. Rd6+ Ke7 33. Be2 Rc8 34. Rd5 Ke6 35. Rd6+ Ke7 36. Rd5 Nf3+ 37. Bxf3 exf3 38. Kf1 Ke6 39. Rd4 Rxc5 40. Ke1 Rc1+ 41. Rd1 Rc4 42. Ra1 a5 43. Kd2 Kd5 44. Kd3 Kc5 45. Kd2 Kb4 46. Kd3 Rc3+ 47. Kd4 Rc2 48. Ke5 Rxf2 49. Kxf5 Re2 50. Kxg4 f2 51. Rf1 Kxa4 52. Kf3 Rb2 53. g4 Kb5 54. g5 Kc5 55. Kf4 Kd6 56. Kf5 Ke7 57. e4 a4 58. e5 a3 59. Rc1 a2 60. e6 Rb1 61. Rc7+ Kd6 62. Rd7+ Kc6 63. g6 f1Q+ 64. Kg5 Qc1+ 65. Kf6 a1Q+ 66. Kf7 Qf4+ 67. Kg8 Rb8+ 0-1

[Event "Nordstrand CC-ch"]
[Site "Oslo"]
[Date "2015.03.26"]
[Round "8"]
[White "Snellingen, Jorn"]
[Black "Svanholm, Borge Waaktaar"]
[Result "1-0"]
[WhiteElo "2039"]
[BlackElo "1779"]
[PlyCount "71"]
[EventDate "2014.12.01"]
[EventType "tourn"]
[EventRounds "11"]
[EventCountry "NOR"]
[SourceTitle "EXT 2018"]
[Source "ChessBase"]
[SourceDate "2017.10.13"]
[SourceVersion "1"]
[SourceVersionDate "2017.10.13"]
[SourceQuality "1"]

1. e4 e6 2. Nf3 d5 3. e5 c5 4. b4 b6 5. d4 cxd4 6. a3 Qc7 7. Bb2 Nc6 8. Bxd4 Nxd4 9. Qxd4 Ne7 10. Bd3 Bd7 11. Nc3 Nc6 12. Nb5 Qb8 13. Qe3 h6 14. c4 dxc4 15. Bxc4 Be7 16. Rd1 Qb7 17. 0-0 0-0 18. Qe4 g6 19. Nd6 Bxd6 20. Rxd6 Rad8 21. Bb5 Rc8 22. Nd4 Nxd4 23. Qxb7 Bxb5 24. Rxd4 Bxf1 25. Kxf1 Rc1+ 26. Ke2 Rfc8 27. Qxa7 R1c2+ 28. Rd2 R8c6 29. b5 R6c5 30. Rxc2 Rxc2+ 31. Kf3 Rc3+ 32. Ke4 Kg7 33. a4 Ra3 34. h4 Ra2 35. Qxb6 Rxa4+ 36. Qd4 1-0

[Event "Nordstrand CC-ch"]
[Site "Oslo"]
[Date "2015.03.19"]
[Round "7"]
[White "Svanholm, Borge Waaktaar"]
[Black "Tryggestad, Andreas Garberg"]
[Result "0-1"]
[WhiteElo "1779"]
[BlackElo "2069"]
[PlyCount "118"]
[EventDate "2014.12.01"]
[EventType "tourn"]
[EventRounds "11"]
[EventCountry "NOR"]
[SourceTitle "EXT 2018"]
[Source "ChessBase"]
[SourceDate "2017.10.13"]
[SourceVersion "1"]
[SourceVersionDate "2017.10.13"]
[SourceQuality "1"]

1. d4 Nf6 2. c4 g6 3. Nc3 d5 4. Nf3 Bg7 5. Qb3 dxc4 6. Qxc4 0-0 7. e4 c6 8. Be2 b5 9. Qb3 Be6 10. Qc2 Na6 11. 0-0 Rc8 12. h3 Qa5 13. b3 c5 14. d5 Nxe4 15. Nxe4 Bxd5 16. Bd2 Nb4 17. Bxb4 Qxb4 18. Ned2 Bxa1 19. Rxa1 a6 20. Rc1 Rfd8 21. Nf1 c4 22. bxc4 Bxc4 23. Rb1 Qa5 24. Rc1 Qa3 25. Ra1 Bd3 26. Qd2 Rc2 27. Qh6 Qc3 28. Bxd3 Rxd3 29. Rb1 Rxf3 30. gxf3 Qxf3 31. Qe3 Qxe3 32. Nxe3 Rxa2 33. Nd5 e6 34. Nc3 Ra3 35. Ne4 Rxh3 36. Ra1 Rh4 37. f3 f5 38. Nc5 Rc4 39. Nxe6 Rc6 40. Nd4 Rc4 41. Rd1 Kf7 42. Kf2 Rc3 43. Ra1 Rc4 44. Ke3 Ra4 45. Rc1 h5 46. Rc6 h4 47. Rc7+ Kf6 48. Rc6+ Ke5 49. Rc5+ Kd6 50. Rc1 Kd5 51. Ne2 Ra3+ 52. Kf4 b4 53. Rd1+ Kc4 54. Rd4+ Kc5 55. Rd8 h3 56. Rh8 b3 57. Rxh3 b2 58. Rh1 Ra1 59. Rh6 b1Q 0-1